000 01292nam0a2200325 4500
001 RU\NLR\bibl\1867024
005 20260408204426.0
010 _a978-5-459-01107-4
021 _aRU
_b2012-1234
_998
035 _a(NLR Aleph) 001856897
090 _a2478210
_c2478210
100 _a20120208d2012 u y0rusy50 ca
101 0 _arus
102 _aRU
105 _aa |||||||||
200 1 _aИстины Болотова
_iРак можно победить
_fБ. Болотов, Г. Погожев
210 _aСанкт-Петербург [и др.]
_cПитер
_d2012
215 _a221, [1] с.
_cил.
_d20
225 1 _aЖизнь по Болотову
225 1 _aМедицина Болотова
_eМБ
606 _aРак (онкол.)
_xТерапия нетрадиционная
_xБолотова метод
_3RU\NLR\auth\661570826
_92094255
686 _aР562.1-5
700 1 _4070
_8rus
_7ca
_aБолотов
_bБ. В.
_cнародный целитель
_f1930-
_gБорис Васильевич
_3RU\NLR\auth\7794805
_977731
701 1 _4070
_8rus
_7ca
_aПогожев
_bГ. А.
_gГлеб Андреевич
_3RU\NLR\auth\7711822
_9121558
801 0 _aRU
_bNLR
_c20120208
_gRCR
801 1 _aRU
_bNLR
_c20120208
942 _cBOOK
980 _aNB
980 _aNBR